Sporcle Revisited Quiz Stats

 Plays Quiz Updated Nov 14, 2018

Support Sporcle.
Go Orange.
Score 0/71 Timer 03:00
7 Plays Today
% Correct
Earth
98.2%
Mars
98.1%
Mercury
98%
Venus
97.7%
Grumpy
97.4%
Jupiter
97.3%
Eye
96.7%
Sleepy
96.6%
Toe
96.5%
Saturn
96.4%
Homer
95.9%
Ear
95.9%
Bart
95.3%
Dancer
95%
Sneezy
94.9%
Prancer
94.7%
Uranus
94%
Happy
93.9%
Greed
93.7%
Donner
93.6%
Lisa
93.4%
Italy
93.2%
Blitzen
93%
Brazil
92.9%
Lust
92.7%
Germany
92.7%
Cupid
92.6%
Harvard
92.6%
Marge
91.5%
Leg
91.5%
Dopey
90.9%
France
90.8%
Yale
90.4%
Uruguay
89.7%
Arm
89.4%
Gluttony
89.3%
% Correct
England
88.8%
Kitchen
85.9%
Princeton
85.4%
Comet
85.3%
Argentina
85%
Envy
84.3%
Library
83.2%
Neptune
83%
Doc
82.9%
West Germany
80.3%
Brown
80.3%
Dasher
80.1%
Maggie
79.9%
Dining Room
79.1%
Sloth
77.6%
Hall
76.1%
Lip
73.2%
Study
69.4%
Vixen
69%
Columbia
68.1%
Hip
64.1%
Spain
62.9%
Cornell
62.4%
Wrath
59.1%
Conservatory
57.9%
Bashful
57.1%
Pennsylvania
53.8%
Rib
53.5%
Billiard Room
47.4%
Pride
44.9%
Gum
42.9%
Dartmouth
42.5%
Ballroom
35.3%
Jaw
31%
Lounge
21.6%

From the Vault

Disney/Pixar Animated Movie per Letter

by GoodRiddance856

Movies 5m
One day Disney will do that remake of the X-Files.
Remove Ads.
Support Sporcle.
Get the best of Sporcle when you Go Orange. This ad-free experience offers more features, more stats, and more fun while also helping to support Sporcle. Thank you for becoming a member.

Show Comments

Extras

Top Quizzes Today


Score Distribution

Your Account Isn't Verified!

In order to create a playlist on Sporcle, you need to verify the email address you used during registration. Go to your Sporcle Settings to finish the process.

Report this User

Report this user for behavior that violates our Community Guidelines.

Details: